000 00339nam a2200133Ia 4500
008 240624s9999 xx 000 0 und d
041 _aeng
082 _a338.9 CHO
100 _aCHOPRA KANCHAN
245 _aDEVELOPMENT AND ENVIRONMENTAL POLICY IN
260 _c2017
_aLondon
_bSpringer
300 _axi, 72 p.; 23 cm.
365 _cERU
_b30
999 _c30083
_d30083